| 000 | 00774nam a2200193 a 4500 | ||
|---|---|---|---|
| 005 | 20210219160027.0 | ||
| 008 | 080616s1972 mx r 000 0 spa d | ||
| 035 | _aUPN01000156947 | ||
| 049 | _aUNE | ||
| 080 | _aDO 341.1: 008:37:5 :6(7/8) 1972ANE No.5 | ||
| 111 | 2 |
_aOEA. Reunión Ordinaria de la Comisión Ejecutiva Permanente del Consejo Interamericano para la Educación, la Ciencia yla Cultura, _n(5a. : _dWashigton, D. C., _c1972) |
|
| 245 | 1 | 0 | _aAnexos al informe final. |
| 260 |
_aWashington, D.C. : _bOEA, _c1972. |
||
| 300 | _a239 p. | ||
| 690 |
_aOEA (CEPCIECC) - _vReunines |
||
| 690 |
_aReuniones - _vOEA (CEPCIECC) |
||
| 710 | 2 | _aOEA. Comisión Ejecutiva Permanente del Consejo Interamericana para la Educación, la Ciencia y la Cultura. | |
| 905 | _aUNESCO | ||
| 999 |
_c129061 _d129061 |
||